Normes de senyalització : actuacions / Xarxa Barcelona. Municipis Qualitat actuacions / Xarxa Barcelona. Municipis Qualitat
Descripción Física:
[2] p. : il. col. ; 29 cm
MARC
| LEADER | 00000nam a2200000Ia 4500 | ||
|---|---|---|---|
| 001 | 18826 | ||
| 008 | 160829s2001 xx 000 0 cat d | ||
| 080 | |a FU-51-43 | ||
| 100 | |a Xarxa Barcelona. Municipis de Qualitat | ||
| 245 | |a Normes de senyalització : |b actuacions / Xarxa Barcelona. Municipis Qualitat | ||
| 260 | |a Barcelona : |b Diputació de Barcelona. Àrea de Cooperació, |c 2001 | ||
| 300 | |a [2] p. : |b il. col. ; |c 29 cm | ||
| 650 | |a Rètols |x Normes |9 44087 | ||
| 650 | |a Rètols |x Retolació |9 44088 | ||
| 710 | 1 | |a Barcelona (Catalunya : Província). |b Àrea de Cooperació |9 54368 | |
| 901 | |a Arxiu | ||
| 942 | |n 1 | ||
| 952 | |0 0 |1 0 |4 0 |6 FU5143 |7 1 |9 51788 |a Arxiu |b Arxiu |d 2016-12-01 |l 0 |o FU-51-43 |p 18826 |r 2016-12-01 00:00:00 |w 2016-12-01 |y ARXIU | ||
| 999 | |c 55634 |d 55634 | ||